Selected topics in particle physics (Record no. 3155)
[ view plain ]
| 000 -LEADER | |
|---|---|
| fixed length control field | 00857nam a2200217Ia 4500 |
| 003 - CONTROL NUMBER IDENTIFIER | |
| control field | IN-BaIIA |
| 008 - FIXED-LENGTH DATA ELEMENTS--GENERAL INFORMATION | |
| fixed length control field | 211028s9999 xx 000 0 eng d |
| 040 ## - CATALOGING SOURCE | |
| Transcribing agency | IIA Library |
| 080 ## - UNIVERSAL DECIMAL CLASSIFICATION NUMBER | |
| Universal Decimal Classification number | 063.53 |
| Item number | ENF-41 |
| 111 ## - MAIN ENTRY--MEETING NAME | |
| Meeting name or jurisdiction name as entry element | Conference of International School of Physics "Enrico Fermi" |
| Location of meeting | Italy |
| Date of meeting or treaty signing | 1967 July 17-29 |
| 9 (RLIN) | 5598 |
| 245 #0 - TITLE STATEMENT | |
| Title | Selected topics in particle physics |
| Remainder of title | proceedings of the International School of Physics "Enrico Fermi" Verenna on Lake Como, Villa Monastero, 17th-29th July 1967 |
| Statement of responsibility, etc. | edited by Steinberger J. |
| 260 ## - PUBLICATION, DISTRIBUTION, ETC. | |
| Place of publication, distribution, etc. | New York |
| Name of publisher, distributor, etc. | Academic Press |
| Date of publication, distribution, etc. | 1968 |
| 300 ## - PHYSICAL DESCRIPTION | |
| Extent | vii,194p. |
| 490 ## - SERIES STATEMENT | |
| Series statement | International school of physics "Enrico Fermi" course v. 41 |
| 650 ## - SUBJECT ADDED ENTRY--TOPICAL TERM | |
| Topical term or geographic name entry element | NASA Thesaurus |
| 650 ## - SUBJECT ADDED ENTRY--TOPICAL TERM | |
| Topical term or geographic name entry element | Nuclear Physics |
| 9 (RLIN) | 1527 |
| 650 ## - SUBJECT ADDED ENTRY--TOPICAL TERM | |
| Topical term or geographic name entry element | Particle Physics |
| 9 (RLIN) | 1847 |
| 700 ## - ADDED ENTRY--PERSONAL NAME | |
| Personal name | Steinberger, J., ed. |
| 9 (RLIN) | 5599 |
| 710 ## - ADDED ENTRY--CORPORATE NAME | |
| Corporate name or jurisdiction name as entry element | Italian Physical Society |
| 942 ## - ADDED ENTRY ELEMENTS (KOHA) | |
| Koha item type | Books |
| Withdrawn status | Lost status | Source of classification or shelving scheme | Damaged status | Not for loan | Home library | Current library | Shelving location | Date acquired | Cost, normal purchase price | Total Checkouts | Full call number | Barcode | Date last seen | Cost, replacement price | Price effective from | Koha item type | Purchase Price |
|---|---|---|---|---|---|---|---|---|---|---|---|---|---|---|---|---|---|
| Dewey Decimal Classification | IIA Library-Bangalore | IIA Library-Bangalore | General Stacks | 17/01/1969 | 88.40 | 063.53/ ENF-41 | 3508 | 05/11/2021 | 88.40 | 17/01/1969 | Books | Rs. 88.40 |